000 01244cam a22002771 4500
001 e 52000029
003 DLC
005 20260227111234.0
008 791205s1952 dcua f000 0 eng c
010 _ae 52000029
035 _a(OCoLC)5761297
040 _aU.S. Office of Education Library
_cIPB
_dOCoLC
_dISS
_dDLC
042 _apremarc
050 0 0 _aL111
_b.A614 no. 16
051 _aLB2809.A2
_bB385
086 0 _aFS 5.30:16
100 1 _aBeach, Fred Francis,
_d1905-
245 1 4 _aThe personnel of state departments of education,
_cby Fred F. Beach and Andrew H. Gibbs, in cooperation with the Study Commission of the National Council of Chief State School Officers.
260 _a[Washington]
_bFederal Security Agency, Office of Education
_c[1952]
300 _avi, 46 p.
_btables.
_c29 cm.
410 2 0 _aU.S. Office of Education.
_tMisc[ellaneous]
_vno. 16
501 _aL111.A614 with: Keystones of good staff relationships / Ellsworth Tompkins. Washington : Federal Security Agency, Office of Education, 1951. Bound together subsequent to publication.
_5DLC
650 0 _aState departments of education.
650 0 _aSchool management and organization
_zUnited States.
700 1 _aGibbs, Andrew Harris,
_d1900-
_ejoint author.
999 _c22173
_d22173